[Event "4NCL Division 1a"]
[Site "Hinckley Island ENG"]
[Date "2014.03.22"]
[Round "7.144"]
[White "Pein, Malcolm"]
[Black "Ansell, Simon T"]
[Result "1-0"]
[WhiteElo "2360"]
[BlackElo "2376"]
[PlyCount "101"]
[EventDate "2014.03.22"]
[WhiteTeam "Wood Green HK 2"]
[BlackTeam "Blackthorne Russia"]

1. Nf3 d5 2. c4 c6 3. e3 e6 4. b3 f5 5. Bb2 Nf6 6. Qc2 Be7 7. Be2 O-O 8. Nc3
Na6 9. O-O Qe8 10. a3 Nc5 11. b4 Nce4 12. d3 Nd6 13. b5 Nf7 14. d4 Bd7 15. a4
Rc8 16. Qb3 Ne4 17. Rfc1 Bd6 18. Ba3 Qe7 19. Bxd6 Qxd6 20. c5 Qe7 21. a5 Rb8
22. Rab1 cxb5 23. Bxb5 Bxb5 24. Nxb5 g5 25. Qb2 g4 26. Nd2 a6 27. Nc3 Nxd2 28.
Qxd2 Rbc8 29. Rb6 Nd8 30. Rcb1 Rc6 31. Ne2 Rxb6 32. Rxb6 Nc6 33. Nf4 Rd8 34.
Nd3 Rd7 35. Qc3 Rc7 36. g3 Kf8 37. Kg2 Ke8 38. Nb4 Nxb4 39. Qxb4 Kf7 40. Rd6 h5
41. Qb6 Rc8 42. Qa7 Kg7 43. Rb6 Rc7 44. Qb8 Qd7 45. Rd6 Qf7 46. Rxe6 Qxe6 47.
Qxc7+ Qf7 48. Qd6 Kh7 49. c6 bxc6 50. Qxc6 h4 51. gxh4 1-0